Click Fast: 30 Numbers Challenge - Statistics

General Stats
  • This quiz has been taken 4,402 times
  • The average score is 22 of 30
Answer Stats
Hint Answer % Correct
24
24
74%
14
14
73%
15
15
73%
18
18
73%
2
2
73%
21
21
73%
28
28
73%
30
30
73%
5
5
73%
12
12
72%
19
19
72%
20
20
72%
27
27
72%
3
3
72%
4
4
72%
6
6
72%
9
9
72%
1
1
71%
10
10
71%
16
16
71%
17
17
71%
22
22
71%
25
25
71%
26
26
71%
29
29
71%
7
7
71%
11
11
70%
13
13
70%
8
8
70%
23
23
69%
No matching quizzes found
Score Distribution
Percent of People with Each Score
Percentile by Number Answered
Your Score History
You have not taken this quiz